000 00556cam a2200181 4500500
005 20260329001457.0
041 _afre
042 _adc
100 1 0 _aLissarrague, François
_eauthor
245 0 0 _aDans l’Univers des mythes
260 _c2007.
500 _a69
690 _aGrèce Antique
690 _aJean-Pierre Vernant
690 _aPhilosophe
786 0 _nPhilosophie magazine | 11 | 7 | 2007-07-01 | p. 33-34 | 1951-1787
856 4 1 _uhttps://shs.cairn.info/magazine-philosophie-magazine-2007-7-page-33?lang=fr&redirect-ssocas=7080
999 _c1805773
_d1805773